Fundamentals of Nursing : Concepts process and practice (Record no. 151542)

MARC details
000 -LEADER
fixed length control field 00380nam a2200133Ia 4500
008 - FIXED-LENGTH DATA ELEMENTS--GENERAL INFORMATION
fixed length control field 230411s9999 xx 000 0 und d
041 ## - LANGUAGE CODE
Language code of text/sound track or separate title eng
082 ## - DEWEY DECIMAL CLASSIFICATION NUMBER
Classification number F/610.73/POT/PER/B00018
100 ## - MAIN ENTRY--PERSONAL NAME
Personal name Potter Patricia & Perry Anne
245 ## - TITLE STATEMENT
Title Fundamentals of Nursing : Concepts process and practice
260 ## - PUBLICATION, DISTRIBUTION, ETC. (IMPRINT)
Name of publisher, distributor, etc. Mosby
Place of publication, distribution, etc. St Louis
Date of publication, distribution, etc. 1997
300 ## - PHYSICAL DESCRIPTION
Extent 1540p
Holdings
Withdrawn status Lost status Damaged status Not for loan Collection code Home library Current library Date acquired Vendor Cost, normal purchase price Bill number Total Checkouts Full call number Barcode Date last seen Cost, replacement price Bill Date Koha item type Original Barcode
          Smt. Bakul Tambat Institute of Nursing Education Smt. Bakul Tambat Institute of Nursing Education 21/07/2000 S.K.Kothari,Pune. 2950.00 4235   F 610.73 POT PER B00018 BTIN-BK-18 11/04/2023 2950.00 21/07/2000 Books B00018